Manual de técnicas: (Registro nro. 10022)
[ vista simple ]
| 000 -LEADER | |
|---|---|
| fixed length control field | 01050nam a2200193Ia 4500 |
| 005 - FECHA Y HORA DE LA ÚLTIMA TRANSACCIÓN | |
| control field | 20231123092729.0 |
| 008 - FIXED-LENGTH DATA ELEMENTS--GENERAL INFORMATION | |
| fixed length control field | 231123s9999 xx 000 0 und d |
| 020 ## - INTERNATIONAL STANDARD BOOK NUMBER | |
| International Standard Book Number | 950-724-190-6 |
| 040 ## - CATALOGING SOURCE | |
| Original cataloging agency | UPAN |
| Transcribing agency | Biblioteca San Vicente |
| Description conventions | RCAA2 |
| 041 ## - LANGUAGE CODE | |
| Language code of text/sound track or separate title | spa |
| 082 ## - DEWEY DECIMAL CLASSIFICATION NUMBER | |
| Classification number | 302.3 |
| Item number | A588m |
| año de publicación | 1999 |
| 100 ## - MAIN ENTRY--PERSONAL NAME | |
| Personal name | Atunes, Celso |
| Relator code | aut. |
| 245 #0 - TITLE STATEMENT | |
| Title | Manual de técnicas: |
| Remainder of title | De dinamica de grupo, de sensibilización y lúdico pedagógicas/ |
| Statement of responsibility, etc | Celso Atunes; Pablo Reyes |
| 260 ## - PUBLICATION, DISTRIBUTION, ETC. (IMPRINT) | |
| Place of publication, distribution, etc | Argentina: |
| Name of publisher, distributor, etc | Lumen, |
| Date of publication, distribution, etc | 1999 |
| 300 ## - PHYSICAL DESCRIPTION | |
| Extent | 228 p.; |
| Dimensions | 22 cm. |
| 505 ## - FORMATTED CONTENTS NOTE | |
| Formatted contents note | Este libro representa el producto de una experiencia de veinticinco años en trabajo de dinámica de grupos, tanto en escuelas de primer, segundo y tercer nivel, actuando como profesor, orientador, educador y director, como en empresas de naturaleza diversa, organizando y conduciendo seminarios en el área de gerencia y recursos humanos, y también en cursos de entrenamiento y reciclaje de personal, o identificación de liderazgos. |
| 650 ## - SUBJECT ADDED ENTRY--TOPICAL TERM | |
| Source of heading or term | LEMB |
| Topical term or geographic name as entry element | Dinámicas de grupò |
| Form subdivision | Manual |
| 942 ## - ADDED ENTRY ELEMENTS (KOHA) | |
| Koha item type | Libros |
| Source of classification or shelving scheme | Dewey Decimal Classification |
| Withdrawn status | Lost status | Source of classification or shelving scheme | Damaged status | Not for loan | Collection code | Home library | Current library | Date acquired | Total Checkouts | Full call number | Barcode | Date last seen | Copy number | Price effective from | Koha item type |
|---|---|---|---|---|---|---|---|---|---|---|---|---|---|---|---|
| Dewey Decimal Classification | Referencia | Biblioteca UPAN San Vicente | Biblioteca UPAN San Vicente | 23/11/2023 | 302.3 A588m | 12001980 | 23/11/2023 | 01 | 23/11/2023 | Libros |